Inárcs Nagyközség Önkormányzatának a 2015.-2017. évig terjedő időszak pénzügyi beszámolóinak elemzése

Bibliographic Details
Main Author: Györök Bernadett
Other Authors: Siklósi Dr. Ágnes
Format: Thesis
Kulcsszavak:pénzügyi beszámoló
önkormányzat
Inárcs
Online Access:http://dolgozattar.uni-bge.hu/18803

MARC

LEADER 00000nta a2200000 i 4500
001 dolg18803
005 20181208085247.0
008 181208suuuu hu om 000 hun d
040 |a BGE Dolgozattár Repozitórium  |b hun 
041 |a hu 
100 1 |a Györök Bernadett 
245 1 0 |a Inárcs Nagyközség Önkormányzatának a 2015.-2017. évig terjedő időszak pénzügyi beszámolóinak elemzése  |c Györök Bernadett  |h [elektronikus dokumentum] 
695 |a pénzügyi beszámoló 
695 |a önkormányzat 
695 |a Inárcs 
700 1 |a Siklósi Dr. Ágnes  |e ths 
856 4 0 |u http://dolgozattar.uni-bge.hu/18803/1/Gy%C3%B6r%C3%B6k%20Berandett_JPXLFP_Szakdolgozat.pdf  |z Dokumentum-elérés